<?xml version="1.0" encoding="UTF-8"?>
<marc:record xmlns:marc="http://www.loc.gov/MARC21/slim">
   <marc:leader>00000nam a2200000 a 4500</marc:leader>
   <marc:datafield ind1="1" ind2=" " tag="100">
      <marc:subfield code="a">Yakubi, Kentaro</marc:subfield>
      <marc:subfield code="4">aut</marc:subfield>
      <marc:subfield code="e">Verfasser/-in</marc:subfield>
   </marc:datafield>
   <marc:datafield ind1="0" ind2="0" tag="245">
      <marc:subfield code="a">Creed</marc:subfield>
   </marc:datafield>
   <marc:datafield ind1=" " ind2="1" tag="264">
      <marc:subfield code="b">Carlsen</marc:subfield>
   </marc:datafield>
   <marc:datafield ind1="1" ind2=" " tag="490">
      <marc:subfield code="a">Black Cat</marc:subfield>
   </marc:datafield>
   <marc:datafield ind1="1" ind2=" " tag="520">
      <marc:subfield code="a">Train und Sven dringen erneut in die Villa von Rudman ein, um ihren Job zu erledigen und Eve zu befreien. Allerdings erwartet sie dort eine große Überraschung und Train wird von seiner Vergangenheit eingeholt! Als Train noch für die kriminellen Organisation Kronos arbeitete, war Saya Minatsuki, die Frau, die sein Leben veränderte, von seinem damaligen Partner Creed getötet worden. Um seine verhängnisvolle Vergangenheit endgültig hinter sich zu lassen, tritt Train ganz auf sich allein gestellt seinem wieder aufgetauchten Feind Creed entgegen?![Klappentext]</marc:subfield>
   </marc:datafield>
   <marc:datafield ind1=" " ind2=" " tag="020">
      <marc:subfield code="a">9783551782823</marc:subfield>
      <marc:subfield code="9">9783551782823</marc:subfield>
   </marc:datafield>
</marc:record>
